| 000 | 00771nam a2200265 i 4500 | ||
|---|---|---|---|
| 001 | 104650 | ||
| 003 | ES-MaACL | ||
| 005 | 20230906183645.0 | ||
| 007 | t| | ||
| 008 | 051207s1984 sp ||||1| spa d | ||
| 020 | _a84-344-6102-1 | ||
| 100 | 1 |
_aMintzberg, Henry. _981384 |
|
| 245 | 1 | 3 |
_aLa estructuración de las organizaciones / _cHenry Mintzberg; traducción de Deborah Bonner y Javier Nieto. |
| 250 | _a1ª ed. | ||
| 260 |
_aBarcelona : _bAriel, _c1984. |
||
| 300 |
_a561 p. ; _c23 cm. |
||
| 490 | 1 | _aAriel gestión | |
| 504 | _aBibliografía. | ||
| 504 | _aIndice. | ||
| 700 | 1 |
_aBonner, Deborah. _930251 |
|
| 700 | 1 |
_aNieto, Javier. _985660 |
|
| 830 | 0 |
_aAriel gestión _9232645 |
|
| 852 |
_aES-MaACL _jL-11888 _bR.113846 |
||
| 999 |
_c104650 _d104650 |
||